Advances in Geotechnical Engineering & Geoenvironmental Engineering Proceedings of the 6th GeoChina International Conference on Civil & Transportation Infrastructures: From Engineering to Smart & Green Life Cycle Solutions -- Nanchang, China, 2021 /

This book includes a collection of researches that contains research data, discussions and conclusions focusing on several related geotechnical aspects of infrastructure. Topics include issues related to civil infrastructure such as temperature-induced lateral earth pressure on bridge abutment, subs...

Full description

Corporate Author: SpringerLink (Online service)
Other Authors: Shu, Shanzhi. (Editor, http://id.loc.gov/vocabulary/relators/edt), Wang, Jinfeng. (Editor, http://id.loc.gov/vocabulary/relators/edt), Souliman, Mena. (Editor, http://id.loc.gov/vocabulary/relators/edt)
Language:English
Published: Cham : Springer International Publishing : Imprint: Springer, 2021.
Edition:1st ed. 2021.
Series:Sustainable Civil Infrastructures,
Subjects:
Online Access:https://doi.org/10.1007/978-3-030-80142-7
LEADER 04078nam a22005655i 4500
001 978-3-030-80142-7
003 DE-He213
005 20210713051852.0
007 cr nn 008mamaa
008 210713s2021 gw | s |||| 0|eng d
020 |a 9783030801427  |9 978-3-030-80142-7 
024 7 |a 10.1007/978-3-030-80142-7  |2 doi 
050 4 |a TA703-705.4 
050 4 |a TA775-787 
072 7 |a RBP  |2 bicssc 
072 7 |a SCI042000  |2 bisacsh 
072 7 |a RBP  |2 thema 
072 7 |a RBGK  |2 thema 
082 0 4 |a 624.15  |2 23 
245 1 0 |a Advances in Geotechnical Engineering & Geoenvironmental Engineering  |h [electronic resource] :  |b Proceedings of the 6th GeoChina International Conference on Civil & Transportation Infrastructures: From Engineering to Smart & Green Life Cycle Solutions -- Nanchang, China, 2021 /  |c edited by Shanzhi Shu, Jinfeng Wang, Mena Souliman. 
250 |a 1st ed. 2021. 
264 1 |a Cham :  |b Springer International Publishing :  |b Imprint: Springer,  |c 2021. 
300 |a X, 115 p. 87 illus., 76 illus. in color.  |b online resource. 
336 |a text  |b txt  |2 rdacontent 
337 |a computer  |b c  |2 rdamedia 
338 |a online resource  |b cr  |2 rdacarrier 
347 |a text file  |b PDF  |2 rda 
490 1 |a Sustainable Civil Infrastructures,  |x 2366-3405 
505 0 |a Response of Integral Abutment- Bridges under cyclic thermal movement -- Numerical assessment on the influence of various factors for subsidence at the intersection of Expwy 78 and High Speed Rail of Taiwan -- Application of Recycled Rubber Mats for Improved Performance of Ballasted Tracks -- Appraisal of railway ballast degradation through Los Angeles abrasion, cyclic loading tests, and image Technics -- Design and Analyses of the Hurricane Protection Floodwall in South Louisiana -- Study on stability of tunnel portal section based on strength reduction shortest path method -- Lessons and treatment measures learned from one deep excavation failure case -- Analysis of dielectric properties and influencing factors of Zn contaminated soil. . 
520 |a This book includes a collection of researches that contains research data, discussions and conclusions focusing on several related geotechnical aspects of infrastructure. Topics include issues related to civil infrastructure such as temperature-induced lateral earth pressure on bridge abutment, subsidence of high speed rail and expressway, application of recycled rubber mats, railway ballast evaluation, hurricane protection floodwall, tunnel portal stability, deep excavation case study and properties of contaminated soils. Various types of research were used in the various studies, including field measurements, numerical analyses and laboratory measurements. This findings and results should lead to more resilient infrastructure design, maintenance and management, which will provide benefits to both civil engineering practitioners, researchers and students. 
650 0 |a Engineering geology. 
650 0 |a Engineering—Geology. 
650 0 |a Foundations. 
650 0 |a Hydraulics. 
650 0 |a Sustainable development. 
650 1 4 |a Geoengineering, Foundations, Hydraulics.  |0 https://scigraph.springernature.com/ontologies/product-market-codes/T23020 
650 2 4 |a Sustainable Development.  |0 https://scigraph.springernature.com/ontologies/product-market-codes/U34000 
700 1 |a Shu, Shanzhi.  |e editor.  |4 edt  |4 http://id.loc.gov/vocabulary/relators/edt 
700 1 |a Wang, Jinfeng.  |e editor.  |4 edt  |4 http://id.loc.gov/vocabulary/relators/edt 
700 1 |a Souliman, Mena.  |e editor.  |4 edt  |4 http://id.loc.gov/vocabulary/relators/edt 
710 2 |a SpringerLink (Online service) 
773 0 |t Springer Nature eBook 
776 0 8 |i Printed edition:  |z 9783030801410 
776 0 8 |i Printed edition:  |z 9783030801434 
830 0 |a Sustainable Civil Infrastructures,  |x 2366-3405 
856 4 0 |u https://doi.org/10.1007/978-3-030-80142-7 
912 |a ZDB-2-EES 
912 |a ZDB-2-SXEE 
950 |a Earth and Environmental Science (SpringerNature-11646) 
950 |a Earth and Environmental Science (R0) (SpringerNature-43711)